Dependence of exciting wavelength of emission spectra of Mn2+ actvated magnesium metaphosphate glasses

Elmentve itt :
Bibliográfiai részletek
Szerzők: Szöllősy László
Szörényi Tamás
Szanka Károly
Dokumentumtípus: Cikk
Megjelent: 1975
Sorozat:Acta physica et chemica 21 No. 3-4
Kulcsszavak:Természettudomány, Fizika, Kémia
Online Access:http://acta.bibl.u-szeged.hu/23960
LEADER 00781nab a2200205 i 4500
001 acta23960
005 20210601150110.0
008 161017s1975 hu o 0|| eng d
022 |a 0001-6721 
040 |a SZTE Egyetemi Kiadványok Repozitórium  |b hun 
041 |a eng 
100 1 |a Szöllősy László 
245 1 0 |a Dependence of exciting wavelength of emission spectra of Mn2+ actvated magnesium metaphosphate glasses  |h [elektronikus dokumentum] /  |c  Szöllősy László 
260 |c 1975 
300 |a 119-122 
490 0 |a Acta physica et chemica  |v 21 No. 3-4 
695 |a Természettudomány, Fizika, Kémia 
700 0 1 |a Szörényi Tamás  |e aut 
700 0 1 |a Szanka Károly  |e aut 
856 4 0 |u http://acta.bibl.u-szeged.hu/23960/1/phys_chem_021_fasc_003_004_119-122.pdf  |z Dokumentum-elérés